Enhancement of social media content marketing for Inhart: Targeting muslim Malaysian millennials in IIUM
Saved in:
| 主要作者: | |
|---|---|
| 格式: | 圖書 |
| 標簽: |
添加標簽
沒有標簽, 成為第一個標記此記錄!
|
| LEADER | 00754nam a2200145 4500 | ||
|---|---|---|---|
| 100 | |a Mohammad Junaidy Bin Abidin |9 576619 | ||
| 245 | |a Enhancement of social media content marketing for Inhart: Targeting muslim Malaysian millennials in IIUM | ||
| 264 | |a Kuala Lumpur : |b International Institute for Halal Research and Training, International Islamic University Malaysia |c 2021 | ||
| 336 | |2 rdacontent | ||
| 337 | |2 rdamedia | ||
| 338 | |2 rdacarrier | ||
| 942 | |2 lcc |n 0 | ||
| 999 | |c 517199 |d 548616 | ||
| 952 | |0 0 |1 0 |2 lcc |4 0 |7 5 |8 IIUMTHESIS |9 1017604 |a IIUM |b IIUM |c THESIS |d 2023-07-13 |e MGIFT |p 11100484903 |r 2023-07-13 |w 2023-07-13 |y THESIS | ||
| 952 | |0 0 |1 0 |2 lcc |4 0 |7 5 |8 THESISSOFTCOPY |9 1017605 |a IIUM |b IIUM |c MULTIMEDIA |d 2023-07-13 |e MGIFT |p 11100484904 |r 2023-07-13 |w 2023-07-13 |y THESISDIG | ||
